|
|
|
|
| LEADER |
00000nam a22000007a 4500 |
| 005 |
20171008223251.0 |
| 007 |
cr|||| |||| |
| 008 |
171008s2016 mx |||||s||||f00||0 spa d |
| 020 |
|
|
|a 978-607-7742-94-4
|
| 035 |
|
|
|a 20705
|
| 040 |
|
|
|a vLex
|
| 090 |
|
|
|c 7094
|d 7094
|
| 245 |
0 |
0 |
|a Fuerza ařea mexicana
|h [Recurso electrn̤ico] :
|b La aviacin̤ militar un siglo de historia (1915-2015)
|
| 256 |
|
|
|a Servicio en ln̕ea
|
| 260 |
|
|
|a Ciudad de Mx̌ico:
|b Cm̀ara de Diputados,
|c 2016
|
| 300 |
|
|
|a 1 recurso electrn̤ico
|
| 506 |
1 |
|
|a Disponible solo en los productos indicados
|d vLex Global
|d vLex Global (Academic Edition, excluding Law Schools)
|d vLex Global (U.S. Academic Edition, Law Schools)
|d vLex Global (U.S. Academic Edition, excluding Law Schools)
|d vLex Global (Academic Edition, Law Schools)
|
| 650 |
0 |
4 |
|a Derecho Civil
|z Mx̌ico
|
| 650 |
0 |
4 |
|a Derecho Constitucional
|z Mx̌ico
|
| 650 |
0 |
4 |
|a Defensa
|z Mx̌ico
|
| 740 |
0 |
|
|a vLex Libros (Servicio en ln̕ea)
|
| 856 |
4 |
0 |
|u http://vlex.com/source/fuerza-aerea-mexicana-la-aviacion-militar-un-siglo-de-historia-1915-2015--20705
|z Acceso restringido
|
| 942 |
|
|
|c BOOK
|
| 999 |
0 |
|
|a Civil Law
|
| 999 |
0 |
|
|a Constitutional Law
|
| 999 |
0 |
|
|a Defense
|